Responses for Show #8482 - Tuesday, October 5, 2021

Matt Amodio game 35.

Contestants

[<< previous game]

Anthony Christopher-Smith, a social worker from Newark, New Jersey

Angie Vroom Givant, a writer from La Crescenta, California

Matt Amodio, a Ph.D. student from New Haven, Connecticut (whose 34-day cash winnings total $1,350,801)

[next game >>]

Jeopardy! Round responses

ARITHMETALK
IN SEARCH OF ALIEN LIFE
IT'S A PROCESS
THAT'S A DIFFERENT PREPOSITION
THEIR '90s HIT ALBUM
"H" IS FOR HISTORY
    $200 27
fraction

Anthony
    $200 26
radio

Matt
    $200 21
Xerox

Matt
    $200 29
by

Angie
    $200 30
Nirvana

Anthony
    $200 28
Hoffa

Matt
    $400 23
the exponent

Angie
    $400 22
Goldilocks

Matt
    $400 20
due process

Angie
    $400 25
betwixt

Matt
    $400 24
LL Cool J

Anthony
    $400 15
(Angie: What is Agincourt?)

Hastings

MattAngie
    $600 16
prime numbers

Anthony
    $600 19
Roswell

Matt
    $1,400 5
natural selection

Anthony
    $600 17
under

Matt
    $600 18
Clapton

Matt
    $600 14
(Julia Ward) Howe

Anthony
    $800 12
natural

Matt
    $800 11
Icarus

Matt
    $800 4
beatification

Anthony
    $800 10
circa

Matt
    $800 13
Smashing Pumpkins

Matt
    $800 6
Haiti

Matt
    $1000 8
commutative

Matt
    $1000 2
silicon

Matt
    $1000 3
Daguerre

Anthony
    $1000 7
while

Matt
    $1000 9
Pearl Jam

Matt
    $1000 1
Hessians

Matt

Scores at the first commercial break (after clue 15):

Matt Angie Anthony
$9,400 -$400 $3,800

Scores at the end of the Jeopardy! Round:

Matt Angie Anthony
$12,600 $600 $5,200

Double Jeopardy! Round responses

HERE COMES THE SONNET
THE AMERIC-ANNS
CULT MOVIES
I BEFORE E AFTER C
THAT'S GRAND!
CANYONS
    $400 26
(Matt: What's Vulcan?)
(Angie: Uh, what's Mars?)
(Anthony: Who is Prometheus?)

Cupid

MattAngieAnthony
Triple Stumper
    $400 29
general

Anthony
    $400 28
Rocky Horror Picture Show

Matt
    $400 30
Ancient

Anthony
    $400 24
Nashville

Matt
    $400 27
(Matt: Uh, what's Ecuador?)
(Angie: What's Chile?)

Peru

MattAngieAnthony
    $10,000 15
(Elizabeth Barrett) Browning

Matt
    $800 21
North Pole

Matt
    $800 22
(Angie: Who's Anthony Soprano?)

Gandolfini

MattAngie
    $800 25
(Mayim: Yes, Bachelor of [*] in Electrical Engineering.)

Science

Matt
    $800 23
the Tournament of Roses

Anthony
    $800 20
Atlas

Matt
    $1200 3
(Mayim: Yes, in [*] Be Not Proud.)

death

Matt
    $1200 12
Shakers

Matt
    $1200 19
Lynch

Matt
    $1200 18
efficiency

Angie
    $1200 8
Grand Marnier

Matt
    $1200 9
Kauai

Matt
    $1600 2
Homer

Matt
    $1600 11
(Angie: What is Pasadena?)
(Anthony: What is... South Pasadena?)

Ann Arbor

AngieAnthony
Triple Stumper
    $1600 14
Donnie Darko

Matt
    $1600 17
a financier

Triple Stumper
    $2,200 5
(Angie: I've waited my whole life to make it a Daily Double.)
(Mayim: Let's make it a True Daily Double.)

Luxembourg

Angie
    $1600 4
Sierra Madre

Angie
    $2000 1
Wordsworth

Matt
    $2000 13
Barack Obama

Anthony
    $2000 6
Reefer Madness

Anthony
    $2000 16
specie

Triple Stumper
    $2000 7
the Grand Army of the Republic

Anthony
    $2000 10
echidna

Matt

Scores at the end of the Double Jeopardy! Round:

Matt Angie Anthony
$39,000 $2,400 $11,200
(lock game)

[wagering suggestions for these scores]

Final Jeopardy! Round responses

POPULAR PHRASES
(Mayim: [To Angie] Apple growers had a big display at the World's Fair encouraging people to do something considered novel at the time--eat a raw apple.)
AngieWhat is an apple a day keeps the doctor away?
$2,400
AnthonyWhat is an apple a day keeps the doctor away?
$6,000
MattWhat is an apple a day keeps the doctor away?
$11,000
an apple a day keeps the doctor away

Final scores:

Matt Angie Anthony
$50,000 $4,800 $17,200
35-day champion: $1,400,801 3rd place: $1,000 2nd place: $2,000

Game dynamics:

Coryat scores:

Matt Angie Anthony
$29,800 $1,800 $10,400
35 R
(including 1 DD),
2 W
6 R
(including 1 DD),
5 W
15 R
(including 1 DD),
2 W

Combined Coryat: $42,000

[game clues] [game scores] [suggest correction]

Game tape date: 2021-08-27
The J! Archive is created by fans, for fans. Scraping, republication, monetization, and malicious use prohibited; this site may use cookies and collect identifying information. See terms. The Jeopardy! game show and all elements thereof, including but not limited to copyright and trademark thereto, are the property of Jeopardy Productions, Inc. and are protected under law. This website is not affiliated with, sponsored by, or operated by Jeopardy Productions, Inc. Join the discussion at JBoard.tv.